Loading...
Denotified tribes: dimensions of change /
| Andre forfattere: | |
|---|---|
| Format: | Printed Book |
| Udgivet: |
New Delhi:
Kanishka,
2008.
|
| Fag: |
| LEADER | 00495cam a2200157ua 4500 | ||
|---|---|---|---|
| 008 | 100723t2008||||||||||| 00 ||||| c | ||
| 082 | |a 307.772 |b GAN/D | ||
| 245 | 0 | 0 | |a Denotified tribes: dimensions of change / |
| 260 | |a New Delhi: |b Kanishka, |c 2008. | ||
| 300 | |a 399p.. | ||
| 362 | 1 | |a 2008. | |
| 650 | 0 | |a Tribes | |
| 700 | 0 | 2 | |a Malli Gandhi, |
| 942 | |c BK | ||
| 999 | |c 22825 |d 22825 | ||
| 952 | |0 0 |1 0 |4 0 |6 307_772000000000000_GAN |7 0 |9 24220 |a KUCL |b KUCL |d 2014-05-23 |l 0 |o 307.772 GAN/ |p 23330 |r 2014-05-23 |w 2014-05-23 |y BK | ||